000 00444nam a2200181Ia 4500
001 19852
005 20260306172723.0
008 260306t2022||||xx |||||||||||||| ||spa||
041 _aESP
082 _a341.2
_bP72J
110 _aPoder Judicial del Perú
245 0 _aJusticia intercultural :
_bproblemática actual
260 _c2022
300 _a118 páginas :
_c24 cm.
650 _aGEN
654 _aCDE
942 _cLIB
_dJUS
_fJUS
_2ddc
_n
999 _c19852
_d19852